| 000 | 00566nam a22001817a 4500 | ||
|---|---|---|---|
| 003 | OSt | ||
| 005 | 20131015100312.0 | ||
| 008 | 130605s2001 sp ||||| |||| 00| 0 spa d | ||
| 020 | _a848121891X | ||
| 040 | _cCDMR | ||
| 245 | 0 | 3 |
_aLa prensa diaria en Galicia (1976-2000) _cXosé López García, coordinador |
| 260 |
_aSantiago de Compostela _bUniversidade de Santiago de Compostela _c2001 |
||
| 300 | _a148 p. | ||
| 650 | 0 | 4 |
_93682 _aPremsa _zGalícia _y1976-2000 |
| 650 | 0 | 4 |
_93846 _aDiaris _xCirculació |
| 700 | 1 |
_93414 _aLópez García, Xosé _ecoor. |
|
| 942 |
_2udc _cMON |
||
| 999 |
_c6409 _d6409 |
||